|
|
|
|
| LEADER |
00000nab a2200000 a 4500 |
| 001 |
vtls000066119 |
| 003 |
SK-MaSNL |
| 005 |
20260303025143.0 |
| 008 |
111103c1980 xo 0 slo |
| 015 |
|
|
|a SNBRB19rr/mm-uuuuu
|
| 035 |
|
|
|a CL0076219
|
| 040 |
|
|
|a SNKBUCL
|b slo
|c SNKBUCL
|e AACR2
|
| 041 |
0 |
|
|a slo
|
| 044 |
|
|
|a xo
|c SK
|
| 080 |
|
|
|a 636.1
|2 1981
|
| 100 |
1 |
|
|a Nagyová, Eva
|4 aut
|9 593419
|
| 245 |
1 |
0 |
|a SOS z Muránskej planiny
|c Eva Nagyová
|
| 300 |
|
|
|b Obr. 1.
|
| 650 |
0 |
7 |
|a kone
|2 snkbucl
|9 2809
|
| 655 |
|
7 |
|a články z novín a časopisov
|2 snkbucl
|9 267496
|
| 773 |
0 |
|
|t Roľnícke noviny
|g Roč. 35, č. 210 (5. 9. 1980), s. 3
|
| 850 |
|
|
|a Slovenská národná knižnica v Martine
|a MTA001
|
| 852 |
|
|
|a SNK
|b KIS3GCP
|
| 958 |
|
|
|a RK
|
| 992 |
|
|
|a RBX
|
| 999 |
|
|
|c 1644713
|d 1646643
|